Chceme zdrave dite

Uložené v:
Podrobná bibliografia
Hlavný autor: VOJTA, M. (Author)
Médium: Kniha
Jazyk:Czech
Vydané: 1964
Tagy: Pridať tag
Žiadne tagy, Buďte prvý kto otaguje tento záznam!

MARC

LEADER 00000nam a2200000 a 4500
001 000102413
005 00000000000000.0
008 040101s1964 e czeo
041 0 |a cze 
100 1 |a VOJTA, M.  |4 aut 
245 1 0 |a Chceme zdrave dite 
260 |c 1964 
500 |a Záznam neprešiel kontrolou 
910 |a svkkk 
998 |a BK 
090 |g SCKHL  |k Sklad Pribinova 2. posch.  |a II.141800  |i 102413-10  |s Absenčne 
090 |g SCKHL  |k Sklad Pribinova 2. posch.  |a II.143595  |i 2720106754  |s Absenčne